Discrete Mathematics Through Application (Record no. 23390)

MARC details
000 -LEADER
fixed length control field 00412nam a22001697a 4500
003 - CONTROL NUMBER IDENTIFIER
control field OSt
005 - DATE AND TIME OF LATEST TRANSACTION
control field 20211222102851.0
008 - FIXED-LENGTH DATA ELEMENTS--GENERAL INFORMATION
fixed length control field 211222b |||||||| |||| 00| 0 eng d
020 ## - INTERNATIONAL STANDARD BOOK NUMBER
International Standard Book Number 0-7167-0000-X
040 ## - CATALOGING SOURCE
Transcribing agency HU
082 ## - DEWEY DECIMAL CLASSIFICATION NUMBER
Edition number 3rd ed
Classification number 004.0151
100 ## - MAIN ENTRY--PERSONAL NAME
Personal name Crusler NANCY
9 (RLIN) 24216
245 ## - TITLE STATEMENT
Title Discrete Mathematics Through Application
260 ## - PUBLICATION, DISTRIBUTION, ETC.
Place of publication, distribution, etc. NewYork
Name of publisher, distributor, etc. NewYork
300 ## - PHYSICAL DESCRIPTION
Type of unit 622
942 ## - ADDED ENTRY ELEMENTS (KOHA)
Source of classification or shelving scheme Dewey Decimal Classification
Koha item type Books like text book referance book
Suppress in OPAC No
Holdings
Withdrawn status Lost status Source of classification or shelving scheme Damaged status Not for loan Home library Current library Shelving location Date acquired Total Checkouts Full call number Barcode Date last seen Price effective from Koha item type
    Dewey Decimal Classification     IoT Library IoT Library General Stacks 12/22/2021   004.0151/CRI/2006 IOTL0000550 12/22/2021 12/22/2021 Books like text book referance book